4th International Congress for the Study of Bauxites, Alumina and Aluminum : Athens, October 9-12 1978 /

Bibliographic Details
Corporate Author: International Congress for the Study of Bauxites, Alumina, and Aluminum Athens, Greece
Format: Conference Proceeding Book
Language:English
French
German
Published: Athens, Greece : National Technical University of Athens, Dept. of Mineralogy-Petrology-Geology, [1978?]
Subjects:

MARC

Tag First Indicator Second Indicator Subfields
LEADER 00000cam a2200000 a 4500
001 in00000080736
005 20151008054049.0
008 800521s1978 gr a b f10010 eng d
035 |a (OCoLC)06343733 
035 |9 AAH9515AM 
040 |a CUT  |c CUT  |d m.c.  |d TXA  |d UtOrBLW 
041 0 |a eng  |a fre  |a ger 
049 |a TXAM  |v 1 [1387245]  |v 2 [1387246]  |v 3 [1387247] 
090 |a QE391.B4  |b I57 1978 
111 2 |a International Congress for the Study of Bauxites, Alumina, and Aluminum  |n (4th :  |d 1978 :  |c Athens, Greece) 
245 1 0 |a 4th International Congress for the Study of Bauxites, Alumina and Aluminum :  |b Athens, October 9-12 1978 /  |c under the auspices of the Minister of Culture and Sciences. 
264 1 |a Athens, Greece :  |b National Technical University of Athens, Dept. of Mineralogy-Petrology-Geology,  |c [1978?] 
300 |a 3 volumes :  |b illustrations ;  |c 25 cm. 
336 |a text  |b txt  |2 rdacontent 
337 |a unmediated  |b n  |2 rdamedia 
338 |a volume  |b nc  |2 rdacarrier 
500 |a English, French or German. 
504 |a Includes bibliographies. 
505 0 |a v. 1-2. Bauxites -- v. 3. Alumina and aluminum. 
650 0 |a Bauxite  |x Congresses. 
650 0 |a Aluminum  |v Congresses. 
650 0 |a Aluminum oxide  |x Congresses. 
999 |a MARS 
999 f f |s 3ca000df-4b67-3e29-a404-3a691340a0e7  |i e36e3eea-1d1b-376c-886b-04c326c7e16c  |t 0 
952 f f |p ric  |a Texas A&M University  |b Rellis Campus  |c Joint Library Facility  |s JLF  |d Remote Storage  |t 0  |e QE391.B4 I57 1978  |h Library of Congress classification  |i unmediated -- volume  |k v.2  |m A14806214662 
952 f f |p ric  |a Texas A&M University  |b Rellis Campus  |c Joint Library Facility  |s JLF  |d Remote Storage  |t 0  |e QE391.B4 I57 1978  |h Library of Congress classification  |i unmediated -- volume  |k v.1  |m A14806214654 
952 f f |p ric  |a Texas A&M University  |b Rellis Campus  |c Joint Library Facility  |s JLF  |d Remote Storage  |t 0  |e QE391.B4 I57 1978  |h Library of Congress classification  |i unmediated -- volume  |k v.3  |m A14806214670 
998 f f |a QE391.B4 I57 1978  |s v.1-v.3  |t 0  |l Remote Storage